Procedimiento, litigio y representacin̤ ante tribunales internacionales

Detalles Bibliográficos
Autor principal: Garcia-Matamoros, Laura Victoria
Otros Autores: ℓvila-Medina, Diana Carolina
Formato: eBook
Lenguaje:español
Publicado: Bogot:̀ Editorial Universidad de Rosario (Colombia), 2017
Materias:
Acceso en línea:Acceso restringido

MARC

LEADER 00000nam a22000007a 4500
005 20180324223311.0
007 cr|||| ||||
008 180324s2017 co |||||s|||| 00||0 spa d
020 |a 978-958-738-955-5 
035 |a 21150 
040 |a vLex 
090 |c 7545  |d 7545 
100 1 |a Garcia-Matamoros, Laura Victoria 
245 1 0 |a Procedimiento, litigio y representacin̤ ante tribunales internacionales  |h [Recurso electrn̤ico] /  |c Laura Victoria Garcia-Matamoros, Diana Carolina ℓvila-Medina 
256 |a Servicio en ln̕ea 
260 |a Bogot:̀  |b Editorial Universidad de Rosario (Colombia),  |c 2017 
300 |a 1 recurso electrn̤ico 
506 1 |a Disponible solo en los productos indicados  |d vLex Global  |d vLex Global (Academic Edition, excluding Law Schools)  |d vLex Global (U.S. Academic Edition, Law Schools)  |d vLex Global (U.S. Academic Edition, excluding Law Schools)  |d vLex Global (Academic Edition, Law Schools) 
650 0 4 |a Derecho Internacional  |z Colombia 
700 1 |a ℓvila-Medina, Diana Carolina 
740 0 |a vLex Libros (Servicio en ln̕ea) 
856 4 0 |u http://vlex.com/source/procedimiento-litigio-representacion-tribunales-internacionales-21150  |z Acceso restringido 
942 |c BOOK 
999 0 |a International right